00717nam a2200169 a 4500008004100000020001500041050001500056100001600071245005600087246008700143260005900230300002500289350000900314995008400323999001700407952012300424120416s0000 ||||||||||||||||| || u a0900488034 aTN 871 Com aJones, M. J10aMining and petroleum geologycedited by M. J. Jones aproceedings of the ninth commonwealth mining and metallurgical congress 1969, v. 2 aLondonbThe Institution of Mining and Metallurgyc1970 axxxvii, 774p. : ill. a0.00 D0.00FCBU-MAIN LIBRARY (Kitwe)H1I8.00UAVAILABLEZAnnex Low-Usage Collection  c51289d51289 00102lcc4070a001b001cAnnex Low-Usage Collection d2022-11-30l0oTN 871 Comp016878r2022-11-30w2022-11-30y002